IT Security : (Record no. 3699)

MARC details
000 -LEADER
fixed length control field 00755nam a22002292 4500
001 - CONTROL NUMBER
control field 0000013262
005 - DATE AND TIME OF LATEST TRANSACTION
control field 20151217145901.0
008 - FIXED-LENGTH DATA ELEMENTS--GENERAL INFORMATION
fixed length control field 090720s xx 000 0 eng d
020 ## - INTERNATIONAL STANDARD BOOK NUMBER
International Standard Book Number 031101112x :
040 ## - CATALOGING SOURCE
Original cataloging agency KABU
Transcribing agency KABU
100 1# - MAIN ENTRY--PERSONAL NAME
Personal name McCarthy, Linda.
-- 0000170416
245 10 - TITLE STATEMENT
Title IT Security :
Remainder of title risking the corporation /
Statement of responsibility, etc. Linda McCarthy.
250 ## - EDITION STATEMENT
Edition statement 1st ed.
260 ## - PUBLICATION, DISTRIBUTION, ETC. (IMPRINT)
Place of publication, distribution, etc. Upper Saddle River, NJ. :
Name of publisher, distributor, etc. Prentice Hall,
Date of publication, distribution, etc. 2003.
300 ## - PHYSICAL DESCRIPTION
Extent xix, 246 p.
650 #0 - SUBJECT ADDED ENTRY--TOPICAL TERM
Topical term or geographic name as entry element Computer security.
-- 0000148177
650 #0 - SUBJECT ADDED ENTRY--TOPICAL TERM
Topical term or geographic name as entry element Computer networks
General subdivision Security meaqsures.
-- 0000151349
852 1# - LOCATION
-- p3000 KES
852 1# - LOCATION
-- p3119 KES
908 ## - PUT COMMAND PARAMETER (RLIN)
Put command parameter 090720
950 ## - LOCAL HOLDINGS (RLIN)
-- 1
Holdings
Withdrawn status Lost status Source of classification or shelving scheme Not for loan Home library Current library Date acquired Total Checkouts Full call number Barcode Date last seen Date last checked out Price effective from Koha item type
    Library of Congress Classification   Kabarak, Main Campus Kabarak, Main Campus 17/12/2015 3 QA76.9 .A25M33 2003 c. 1 17684 05/02/2024 05/02/2024 17/12/2015 General Collection
    Library of Congress Classification   Kabarak, Main Campus Kabarak, Main Campus 17/12/2015 1 QA76.9 .A25M33 2003 c. 2 18151 06/10/2022 20/09/2022 17/12/2015 General Collection
Designed with assistance from East African Informatics Ltd